Canciones de Queen - ¡Muerte súbita! - Estadísticas

Estadísticas generales
  • Esta prueba ha sido intentada 4.366 veces
    3.809 desde el último reinicio
  • La puntuación promedio es 11 de 20
Answers on the Grid
Answers color-coded by a green-red scale on the quiz's grid according to % correct below.
A Kind Of Magic
All The King's Men
Another One Bites The Dust
Babooshka
Bicycle Race
Bohemian Rhapsody
Crazy Little Thing Called Love
Dancing Queen
Don't Stop Me Now
Double Vision
Fat Bottomed Girls
Flash
Foxy Lady
I Want It All
I Want To Break Free
Keep Yourself Alive
Killer Queen
Life On Mercury
Money
Pinball Wizard
Radio Ga Ga
Rocket Man
Somebody To Love
The Girl Is Mine
The Show Must Go On
There Can Be Only One
Under Pressure
We Are The Champions
We Will Rock You
Who Wants To Live Forever
Whole Lotte Love
You're My Best Friend
Zanzibar
 
Estadísticas de respuestas
Respuesta % Correcto
Bohemian Rhapsody
87%
Don't Stop Me Now
80%
Another One Bites The Dust
77%
I Want To Break Free
76%
We Are The Champions
73%
We Will Rock You
72%
Radio Ga Ga
67%
The Show Must Go On
64%
Somebody To Love
61%
Under Pressure
57%
A Kind Of Magic
55%
Killer Queen
53%
Crazy Little Thing Called Love
51%
I Want It All
47%
Who Wants To Live Forever
35%
Bicycle Race
34%
Fat Bottomed Girls
30%
You're My Best Friend
30%
Keep Yourself Alive
24%
Flash
19%
No se encontraron pruebas coincidentes
Distribución de puntuación
Porcentaje de gente con cada puntuación
Porcentaje por número respondido
Historial de tus puntuaciones
No has intentado esta prueba desde el último reinicio